00821nam a2200193Ia 4500008004100000020001500041050001400056100001800070245013900088260004200227300003100269440002000300500010100320650005000421700004100471942000700512952009100519999001700610120720s9999 xx 000 0 und d a9681605519 aN70 R3518 aRead, Herbert aImagen e idea : La función del arte en el desarrollo de la conciencia humana / Herbert Edward Read ; tr. de Horacio Flores Sánchez aMexico : Fondo de Cultura Económica a245 p. fotos / 17 x 11 cm. aBreviarios; 127 aTítulo original: Icon and idea : the function of art in the development of human consciousness a1. Arte 2. Estética 3. Filosofía del arte aFlores Sánchez, Horacio, Tr.ÌÌ cLB 00104070a03b03d2001-05-15l0oN70 R3518p03 005130r2012-07-20t1w2012-07-20yLB c80715d80715